00547pab a2200169 454500008004000000100002000040245005900060260000900119300001300128362001100141650005300152773003400205908000600239909001000245999001700255952010500272180718b2008 xxu||||| |||| 00| 0 eng d aTripathi, Rahul aPeople-centric partnership: the way forward for SAARC? c2008 ap.29-30. a11 Oct aSouth Asian Association for Regional Cooperation aEconomic and Political Weekly aN a79797 c79797d79797 00104070aIIPAbIIPAd2018-07-19hVolume no: 43, Issue no: 41pAR80257r2018-07-19w2018-07-19yAR